| 000 | 02006nam a22002777a 4500 | ||
|---|---|---|---|
| 003 | OSt | ||
| 005 | 20210218114204.0 | ||
| 008 | 210218b ||||| |||| 00| 0 eng d | ||
| 020 | _a9586351858 | ||
| 040 |
_aCO-JMCR _cCO-JMCR |
||
| 041 | 0 | _aspa | |
| 082 | 0 | 4 |
_a340.2 / _bM515d _223 |
| 100 | 1 |
_aMeisel Lanner, Roberto, _eautor _913623 |
|
| 245 | 1 | 0 |
_aDerecho aduanero comparado / _cRoberto Meisel Lanner |
| 250 | _aPrimera edición | ||
| 260 |
_aBogotá : _bLibrería del Profesional, _c1991 |
||
| 300 |
_a256 páginas ; _c23 cm. |
||
| 500 | _aIncluye notas a pie de página. "Y su vinculación con El Pacto Andino, G.A.T.T, empresas multinacionales, Derecho Aeronáutico"--Tapa | ||
| 504 | _aBibliografía: [253]-254 | ||
| 505 | 0 | _aOrígenes del derecho comparado -- El derecho aduanero comparado frente al contrabando -- El derecho aduanero comparado frente al derecho aeronáutico internacional -- El derecho aduanero comparado frente al derecho marítimo internacional -- El derecho aduanero comparado frente al G.A.T.T -- El derecho aduanero comparado frente al pacto andino -- El derecho aduanero comparado frente a las empresas multinacionales -- El derecho aduanero comparado frente a la comunidad económica europea -- El derecho aduanero comparado frente a la apertura económica de Colombia | |
| 520 | 3 | _aEl abogado Roberto Meisel Lanner, especialista en cuestiones aduaneras y comercio internacional, presenta a consideración de expertos en Comercio Exterior en plena apertura económica una autorizada monografía en torno a la problemática de la comparación jurídica trasladada a la esfera de Derecho Aduanero o a nivel mundial y sus instituciones: G.A.T.T, sociedades multinacionales, Pacto Andino, transporte aéreo, transporte marítimo, etc. Es un estudio interesante y permite conocer mejor tales instituciones. | |
| 650 | 1 | 4 |
_aDerecho comparado _92139 |
| 650 | 1 | 4 |
_aDerecho aduanero _zColombia _913624 |
| 650 | 1 | 4 |
_aAduanas _xlegislación _zColombia _98452 |
| 942 |
_2ddc _cBK |
||
| 999 |
_c7233 _d7233 |
||